000 00668nam a2200241Ia 4500
003 OSt
005 20221005093850.0
006 a|||||r|||| 00| 0
007 ta
008 221004b |||||||| |||| 00| 0 eng d
024 _a65248
037 _cTextual
040 _aCRL
_cCRL
_beng
041 _2eng
_aeng
082 _aX:3M24xM18x, M5
100 _aWolff Robert Paul
245 0 _aUnderstanding Marx
_b A reconstruction and critique of capital
260 _aOxford
_bBasil Blackwell UK
_c1985
300 _a236p.
_ccm.
650 _aECONOMICS
942 _hX:3M24xM18x, M5
_cTEXL
_2cc
999 _c1001026
_d1001026